|
|
|
|
| LEADER |
00000nab a2200000 a 4500 |
| 001 |
vtls000699780 |
| 003 |
SK-MaSNL |
| 005 |
20260305035430.0 |
| 008 |
040806c1999 xo 0 slo |
| 015 |
|
|
|a SNBRB1999/09-20442
|
| 035 |
|
|
|a CLN000051947
|
| 040 |
|
|
|a SNKBUCL
|b slo
|c SNKBUCL
|e AACR2
|
| 041 |
0 |
|
|a slo
|
| 044 |
|
|
|a xo
|c SK
|
| 080 |
|
|
|a 943.76"1948/1953":343.813
|2 UDC-MRF-SK2
|
| 080 |
|
|
|a 343.813(437.6)"1948/1953"
|2 UDC-MRF-SK2
|
| 100 |
1 |
|
|a Pešek, Jan,
|d 1949-
|4 aut
|9 85425
|
| 245 |
1 |
0 |
|a Nútená práca nástroj represie
|b Slovensko 20. storočia: Ľudia a udalosti - päťdesiate roky
|c Ján Pešek
|
| 300 |
|
|
|b Fotogr., obr.
|
| 648 |
|
7 |
|a 1948-1953
|2 SNK
|9 313163
|
| 650 |
0 |
7 |
|a nútené práce
|2 SNKPH
|9 2680
|
| 650 |
0 |
7 |
|a tábory
|2 SNKPH
|9 561689
|
| 651 |
|
7 |
|a Slovensko
|x dejiny
|2 SNKPHgeo
|9 13278
|
| 655 |
|
7 |
|a články z novín a časopisov
|2 snkbucl
|9 267496
|
| 773 |
0 |
|
|x 1335-4051
|t Pravda
|g Roč. 9, č. 215 (18.9.1999)
|
| 773 |
0 |
|
|x 1335-4051
|t [Príl.] Sobota
|g Č. 36 (1999), s. 14
|
| 850 |
|
|
|a Slovenská národná knižnica v Martine
|
| 852 |
|
|
|a SNK
|b KIS3GCP
|
| 999 |
|
|
|c 3333802
|d 3335732
|